El juicio de faltas (Record no. 40346)

MARC details
000 -LEADER
campo de control de longitud fija 00760nam a2200205 i 4500
001 - NÚMERO DE CONTROL
campo de control 40346
003 - IDENTIFICADOR DE NÚMERO DE CONTROL
campo de control ES-MaACL
005 - FECHA Y HORA DE LA ÚLTIMA TRANSACCIÓN
campo de control 20230906160211.0
007 - CAMPO FIJO DE DESCRIPCIÓN FÍSICA--INFORMACIÓN GENERAL
campo de control de longitud fija t|
008 - DATOS DE LONGITUD FIJA--INFORMACIÓN GENERAL
campo de control de longitud fija 030305s1986 sp ||||1| spa d
020 ## - NÚMERO INTERNACIONAL ESTÁNDAR DEL LIBRO
Número Internacional Estándar del Libro 84-600-4605-2
100 1# - ENTRADA PRINCIPAL--NOMBRE DE PERSONA
Nombre de persona Carrascosa López, Valentín.
9 (RLIN) 35581
245 13 - MENCIÓN DEL TÍTULO
Título El juicio de faltas
Resto del título : estudio teórico-práctico adaptado a la nueva Ley Orgánica del Poder Judicial /
Mención de responsabilidad, etc. Valentín Carrascosa López, José Carretero Domínguez, Pedro Melo Alvarado.
260 ## - PUBLICACIÓN, DISTRIBUCIÓN, ETC.
Lugar de publicación, distribución, etc. [S.l. :
Nombre del editor, distribuidor, etc. s.n.,
Fecha de publicación, distribución, etc. 1986] (
Lugar de fabricación/manufactura Mérida :
Fabricante Artes Gráficas Boysu)
300 ## - DESCRIPCIÓN FÍSICA
Extensión 1 v.
504 ## - NOTA DE BIBLIOGRAFÍA, ETC.
Nota de bibliografía, etc. Bibliografía: p. 267-269.
700 1# - ENTRADA AGREGADA--NOMBRE PERSONAL
Nombre de persona Carretero Domínguez, José.
9 (RLIN) 35724
700 1# - ENTRADA AGREGADA--NOMBRE PERSONAL
Nombre de persona Melo Alvarado, Pedro.
9 (RLIN) 80017
852 ## - LOCALIZACIÓN
Ubicación ES-MaACL
Número de control de estantería L-11085
Sublocalización o colección R.112697
Holdings
Estatus retirado Estado de pérdida Estado de daño No para préstamo Biblioteca de origen Biblioteca actual Ubicación en estantería Fecha de adquisición Fuente de adquisición Total de préstamos Signatura topográfica completa Código de barras Visto por última vez Precio de reemplazo Tipo de ítem Koha
        Biblioteca del Ateneo de Madrid Biblioteca del Ateneo de Madrid Depósito 2 17/01/2008     L-11085 1042475 23/02/2023 23/02/2023 Libro impreso